[Event "21.Wörishofen-Seniorenen op"]
[Site "Bad Wörishofen (03.03.-11.03)"]
[Date "2005.03.04"]
[Round "2.6"]
[White "Will, Michael[40Naumb]"]
[Black "Bierwisch, Bernhard"]
[Result "0-1"]
[WhiteElo "1753"]
[BlackElo "2117"]
[PlyCount "30"]
[EventDate "2005.03.??"]
[Source "Chessorg"]
[SourceDate "2005.12.10"]

1. d4 Nf6 2. f3 d5 3. Bg5 Bf5 4. c3 Nbd7 5. Qb3 c5 6. dxc5 Nxc5 7. Qb5+ Nfd7 8.
Qb4 f6 9. Be3 e5 10. Bxc5 Nxc5 11. Qh4 Qb6 12. b3 Qa5 13. Nd2 Qxc3 14. Rd1 Bc2
15. e4 Qe3+ 0-1

[Event "21.Wörishofen-Seniorenen op"]
[Site "Bad Wörishofen (03.03.-11.03)"]
[Date "2005.03.04"]
[Round "2.7"]
[White "Schmid, Hermann[39Peiting]"]
[Black "Schmidt, Eugen[35Baden]"]
[Result "1-0"]
[WhiteElo "2055"]
[BlackElo "1882"]
[PlyCount "81"]
[EventDate "2005.03.??"]
[Source "Chessorg"]
[SourceDate "2005.12.10"]

1. d4 g6 2. Nf3 Bg7 3. e4 d6 4. Bc4 Nf6 5. Nbd2 O-O 6. O-O Nfd7 7. c3 e5 8. Re1
a5 9. Nf1 h6 10. Ng3 Nb6 11. Bb3 a4 12. Bc2 Bg4 13. d5 Bd7 14. Qd3 Na6 15. Be3
Qe8 16. Nd2 Nc8 17. f3 Ne7 18. b3 b6 19. c4 Nb4 20. Qc3 Nxc2 21. Qxc2 f5 22.
exf5 gxf5 23. Ne2 f4 24. Bf2 Bf5 25. Ne4 Qg6 26. N2c3 Bh3 27. Bxb6 axb3 28.
axb3 Rxa1 29. Rxa1 cxb6 30. Qf2 Nf5 31. Kh1 Qh5 32. gxh3 Qxh3 33. Qg2 Ng3+ 34.
Kg1 Qxg2+ 35. Kxg2 Nf5 36. Nb5 Rb8 37. Ra7 Nd4 38. Nbxd6 Nxb3 39. Nf5 Bh8 40.
Nxh6+ Kf8 41. Rf7+ 1-0

[Event "21.Wörishofen-Seniorenen op"]
[Site "Bad Wörishofen (03.03.-11.03)"]
[Date "2005.03.04"]
[Round "2.8"]
[White "Riedel, Lutz"]
[Black "Tochtermann, Georg,Dr."]
[Result "1-0"]
[WhiteElo "2010"]
[BlackElo "1789"]
[PlyCount "69"]
[EventDate "2005.03.??"]
[Source "Chessorg"]
[SourceDate "2005.12.10"]

1. d4 Nf6 2. c4 e6 3. Nc3 Bb4 4. Qc2 b6 5. e4 Bb7 6. Bd3 Nc6 7. Nge2 e5 8. d5
Nd4 9. Nxd4 exd4 10. a3 Bxc3+ 11. bxc3 dxc3 12. Qxc3 d6 13. O-O O-O 14. Bb2 Re8
15. f4 Re7 16. Rf3 Ne8 17. e5 c6 18. exd6 Qxd6 19. Rg3 f6 20. a4 Rf7 21. Qc2 g6
22. dxc6 Bxc6 23. c5 Qd7 24. Bc4 Rc8 25. Rd1 Qe7 26. Bxf7+ Kxf7 27. Qb3+ Kg7
28. cxb6 axb6 29. Re3 Qb7 30. Qb4 Rc7 31. Ba3 Rf7 32. Rde1 Bxg2 33. Re7 Qd5 34.
Rxf7+ Qxf7 35. Re7 1-0

[Event "21.Wörishofen-Seniorenen op"]
[Site "Bad Wörishofen (03.03.-11.03)"]
[Date "2005.03.04"]
[Round "2.9"]
[White "Josting, Friedel"]
[Black "Budt, Karl-Heinz"]
[Result "0-1"]
[WhiteElo "1886"]
[BlackElo "2002"]
[PlyCount "76"]
[EventDate "2005.03.??"]
[Source "Chessorg"]
[SourceDate "2005.12.10"]

1. c4 Nf6 2. Nc3 e6 3. d4 Bb4 4. a3 Bxc3+ 5. bxc3 Ne4 6. Qc2 f5 7. Nf3 b6 8. e3
Bb7 9. a4 O-O 10. Bd3 d6 11. O-O Nd7 12. a5 c5 13. axb6 axb6 14. Bb2 Rxa1 15.
Rxa1 Ndf6 16. h3 Qe8 17. Qb3 Nxf2 18. Kxf2 Ng4+ 19. Ke2 Bxf3+ 20. gxf3 Qh5 21.
Kd2 Nh2 22. Qd1 Nxf3+ 23. Kc2 Qxh3 24. Ra6 Qg2+ 25. Qe2 Ne1+ 26. Kb3 Qb7 27.
Ra1 Nxd3 28. Qxd3 Rc8 29. d5 b5 30. Kc2 bxc4 31. Qxc4 exd5 32. Qf4 Rb8 33. Rb1
Qa6 34. Qxf5 Qe2+ 35. Kc1 Rf8 36. Qxd5+ Kh8 37. Qd2 Rf1+ 38. Kc2 Qxd2+ 0-1

[Event "21.Wörishofen-Seniorenen op"]
[Site "Bad Wörishofen (03.03.-11.03)"]
[Date "2005.03.04"]
[Round "2.10"]
[White "Kraft, Hans"]
[Black "Wawrinsky, Ludwig"]
[Result "1-0"]
[WhiteElo "2052"]
[BlackElo "1703"]
[PlyCount "81"]
[EventDate "2005.03.??"]
[Source "Chessorg"]
[SourceDate "2005.12.10"]

1. e4 e6 2. d4 b6 3. Nc3 Bb4 4. Nf3 Bb7 5. Bd3 Ba6 6. Bxa6 Nxa6 7. Qe2 Bxc3+ 8.
bxc3 Nb8 9. O-O Ne7 10. Bf4 O-O 11. a4 a5 12. c4 d6 13. Rfd1 Nd7 14. Ra3 Ng6
15. Bg5 f6 16. Bc1 e5 17. h4 exd4 18. h5 Nge5 19. Nxd4 Qe8 20. Rg3 Nc5 21. Nf5
g6 22. Bh6 Qxa4 23. hxg6 Nxg6 24. Bxf8 Rxf8 25. Qh5 Qe8 26. f3 Ne6 27. Qg4 Kh8
28. Kf2 Qc6 29. Rd5 Nef4 30. Ne7 Qxc4 31. Nxg6+ Nxg6 32. Rh5 Qd4+ 33. Ke2 Qc4+
34. Ke1 Qc3+ 35. Kf1 Qa1+ 36. Ke2 Rg8 37. Rxh7+ Kxh7 38. Qh5+ Kg7 39. Qxg6+ Kf8
40. Qxg8+ Ke7 41. Rg7# 1-0

[Event "21.Wörishofen-Seniorenen op"]
[Site "Bad Wörishofen (03.03.-11.03)"]
[Date "2005.03.04"]
[Round "2.11"]
[White "Vorderbruegge, Franz-Josef"]
[Black "Kripp, Wolfgang"]
[Result "0-1"]
[WhiteElo "1729"]
[BlackElo "2038"]
[PlyCount "102"]
[EventDate "2005.03.??"]
[Source "Chessorg"]
[SourceDate "2005.12.10"]

1. d4 d5 2. c4 e6 3. cxd5 exd5 4. Nc3 Nf6 5. Bg5 Be7 6. Qc2 c6 7. e3 Nbd7 8.
Bd3 O-O 9. Nge2 Re8 10. O-O Nf8 11. Rab1 Ne4 12. Bxe7 Qxe7 13. b4 a6 14. Na4
Nd7 15. Ng3 Ndf6 16. Nc5 Nd6 17. Nf5 Nxf5 18. Bxf5 Bxf5 19. Qxf5 b6 20. Nd3 Ne4
21. Rb2 Nd6 22. Qg4 Nc4 23. Rc2 a5 24. bxa5 Rxa5 25. Nf4 b5 26. Nh5 g6 27. h4
Rea8 28. Ng3 Kh8 29. h5 gxh5 30. Nxh5 Rg8 31. Qf5 Qg5 32. Qf3 Rg6 33. Nf4 Rh6
34. Nh3 Qg6 35. Re2 Ra8 36. e4 dxe4 37. Qg3 Qh5 38. Qg5 f5 39. f4 Qg6 40. Kf2
Qe6 41. Qg3 Qd6 42. Rd1 Rg6 43. Ng5 Kg7 44. Qc3 Qxf4+ 45. Nf3 Ra3 46. Qa1 Rxf3+
47. Kg1 Rh3 48. d5+ Kh6 49. Rf2 Qh2+ 50. Kf1 Qh1+ 51. Ke2 Re3# 0-1

[Event "21.Wörishofen-Seniorenen op"]
[Site "Bad Wörishofen (03.03.-11.03)"]
[Date "2005.03.04"]
[Round "2.12"]
[White "Wunderer, Eckart"]
[Black "Lange, Detlef"]
[Result "1-0"]
[WhiteElo "2006"]
[BlackElo "1635"]
[PlyCount "95"]
[EventDate "2005.03.??"]
[Source "Chessorg"]
[SourceDate "2005.12.10"]

1. e4 c6 2. d3 d5 3. Nd2 e5 4. Ngf3 Qc7 5. Be2 Nf6 6. O-O Bd6 7. c3 O-O 8. Qc2
Bg4 9. Re1 Nbd7 10. Nf1 Rfe8 11. Ng3 Rac8 12. Nh4 Bxe2 13. Qxe2 dxe4 14. dxe4
Nc5 15. Bg5 Be7 16. Nhf5 Ne6 17. Nxe7+ Qxe7 18. Nf5 Qf8 19. Bxf6 gxf6 20. Qg4+
Kh8 21. Qh4 Ng7 22. Qxf6 Re6 23. Qxg7+ Qxg7 24. Nxg7 Kxg7 25. Rad1 Kf6 26. Rd7
Re7 27. Red1 Rxd7 28. Rxd7 Rb8 29. Rd6+ Ke7 30. Rd3 Ke6 31. Kf1 Rg8 32. Rg3
Rxg3 33. hxg3 f5 34. exf5+ Kxf5 35. Ke2 a5 36. Ke3 h5 37. f3 b5 38. g4+ hxg4
39. fxg4+ Ke6 40. Ke4 c5 41. g5 b4 42. g6 c4 43. g7 Kf7 44. Kxe5 a4 45. Kd4 a3
46. bxa3 b3 47. axb3 cxb3 48. Kd3 1-0

[Event "21.Wörishofen-Seniorenen op"]
[Site "Bad Wörishofen (03.03.-11.03)"]
[Date "2005.03.04"]
[Round "2.13"]
[White "Moeckel, Edgar,Dr."]
[Black "Hein, Manfred[36Gunzenh]"]
[Result "0-1"]
[WhiteElo "1826"]
[BlackElo "2038"]
[PlyCount "118"]
[EventDate "2005.03.??"]
[Source "Chessorg"]
[SourceDate "2005.12.10"]

1. d4 d5 2. c4 c6 3. Nf3 Nf6 4. Nc3 e6 5. e3 Bd6 6. Bd3 Nbd7 7. O-O O-O 8. e4
dxc4 9. Bxc4 e5 10. Bg5 h6 11. Bh4 exd4 12. Nxd4 Nb6 13. Bb3 Be5 14. Nde2 Bxh2+
15. Kxh2 Ng4+ 16. Kg3 g5 17. Qxd8 Rxd8 18. Rad1 gxh4+ 19. Kxh4 Rxd1 20. Nxd1
Ne5 21. f4 Ng6+ 22. Kh5 Nd7 23. e5 Nc5 24. Bc2 Kh7 25. Ne3 Ne6 26. Nf5 b6 27.
g3 Ba6 28. Rf2 Bxe2+ 29. Rxe2 Nexf4+ 30. gxf4 Nxf4+ 31. Kh4 Nxe2 32. Nd4+ Kg7
33. Nxe2 Re8 34. Nd4 Rxe5 35. Nf5+ Kf6 36. Nxh6 Re2 37. Ng4+ Ke7 38. Bb3 f6 39.
Kg3 a5 40. Kf3 Rxb2 41. Ne3 b5 42. Nf5+ Kd7 43. Ke3 c5 44. Bd5 a4 45. Kd3 Rf2
46. Ne3 Kd6 47. Bf7 c4+ 48. Kc3 Rxa2 49. Nc2 Kc5 50. Kd2 Rb2 51. Kc1 Rb3 52.
Be8 f5 53. Na1 Re3 54. Bd7 Re1+ 55. Kb2 a3+ 56. Ka2 b4 57. Bxf5 Re2+ 58. Kb1 b3
59. Nxb3+ cxb3 0-1

[Event "21.Wörishofen-Seniorenen op"]
[Site "Bad Wörishofen (03.03.-11.03)"]
[Date "2005.03.04"]
[Round "2.14"]
[White "Schumacher, Helmut[31Aachen]"]
[Black "Smits, Oswald"]
[Result "1-0"]
[WhiteElo "2022"]
[BlackElo "1714"]
[PlyCount "113"]
[EventDate "2005.03.??"]
[Source "Chessorg"]
[SourceDate "2005.12.10"]

1. d4 d5 2. Nc3 Nf6 3. Bg5 Nbd7 4. Qd3 c6 5. Nf3 e6 6. e4 dxe4 7. Nxe4 Be7 8.
Nxf6+ Nxf6 9. g3 Qb6 10. O-O-O h6 11. Bxf6 Bxf6 12. Kb1 O-O 13. Qe4 Be7 14. Ne5
f5 15. Qe3 Rd8 16. Bc4 Bf6 17. Rhe1 Re8 18. Qf3 Kh7 19. Qh5 Re7 20. Qg6+ Kh8
21. c3 Qc7 22. Qh5 Bxe5 23. Rxe5 Bd7 24. Rde1 Rae8 25. Bd3 Bc8 26. g4 Kg8 27.
g5 hxg5 28. Qxg5 Kf7 29. Rg1 Rg8 30. Qg6+ Kf8 31. Qg5 b5 32. h4 Rf7 33. Bc2 Qe7
34. Bb3 Qxg5 35. hxg5 Re7 36. Rh1 g6 37. Re3 a5 38. a3 a4 39. Ba2 Bd7 40. f4
Ke8 41. Kc2 Kd8 42. Reh3 Ke8 43. Kd3 Bc8 44. Rh7 Rf7 45. b4 Kf8 46. c4 Rxh7 47.
Rxh7 Rg7 48. Rh8+ Rg8 49. Rxg8+ Kxg8 50. cxb5 cxb5 51. d5 Kf7 52. Kd4 Bb7 53.
Ke5 Bc8 54. Kd6 exd5 55. Bxd5+ Ke8 56. Bc6+ Kd8 57. Bxb5 1-0

[Event "21.Wörishofen-Seniorenen op"]
[Site "Bad Wörishofen (03.03.-11.03)"]
[Date "2005.03.04"]
[Round "2.15"]
[White "Rahn, Oskar"]
[Black "Lange, Manfred,Dr[33Wzb]"]
[Result "1/2-1/2"]
[WhiteElo "2000"]
[BlackElo "1943"]
[PlyCount "26"]
[EventDate "2005.03.??"]
[Source "Chessorg"]
[SourceDate "2005.12.10"]

1. e4 e5 2. Nf3 Nf6 3. d4 Nxe4 4. Bd3 d5 5. Nxe5 Nd7 6. Qe2 Nxe5 7. Bxe4 dxe4
8. Qxe4 Be6 9. Qxe5 Qd7 10. Nc3 O-O-O 11. Be3 Bb4 12. O-O f6 13. Qh5 Bg4
1/2-1/2

[Event "21.Wörishofen-Seniorenen op"]
[Site "Bad Wörishofen (03.03.-11.03)"]
[Date "2005.03.04"]
[Round "2.16"]
[White "Reichwald, Klaus"]
[Black "Molez, Karl"]
[Result "1-0"]
[WhiteElo "1716"]
[BlackElo "1842"]
[PlyCount "85"]
[EventDate "2005.03.??"]
[Source "Chessorg"]
[SourceDate "2005.12.10"]

1. e4 c5 2. Nc3 Nc6 3. g3 d6 4. Bg2 e6 5. Nge2 Nf6 6. d3 Be7 7. O-O a6 8. a4
Qc7 9. f4 Bd7 10. h3 h5 11. Be3 O-O-O 12. Na2 e5 13. c3 Qb6 14. b4 Be6 15. b5
Na7 16. bxa6 Qxa6 17. c4 Bd7 18. Nac3 Nc6 19. Nb5 Ne8 20. Nec3 Nb4 21. Qd2 f6
22. Rab1 Be6 23. Nd5 Bxd5 24. exd5 g6 25. Qe2 Qa8 26. Bd2 Na6 27. h4 Qb8 28.
Bh3+ f5 29. fxe5 dxe5 30. Ba5 Bf6 31. Bxd8 Kxd8 32. Qg2 Nb4 33. Rxb4 cxb4 34.
c5 Nc7 35. d6 Nxb5 36. axb5 e4 37. Rb1 Bd4+ 38. Kh1 Bxc5 39. dxe4 Qxd6 40. exf5
gxf5 41. Qxb7 Qd4 42. Bxf5 Rh6 43. Re1 1-0

[Event "21.Wörishofen-Seniorenen op"]
[Site "Bad Wörishofen (03.03.-11.03)"]
[Date "2005.03.04"]
[Round "2.17"]
[White "Klempt, Guenter"]
[Black "Diete, Guenter"]
[Result "1-0"]
[WhiteElo "1943"]
[BlackElo "1697"]
[PlyCount "119"]
[EventDate "2005.03.??"]
[Source "Chessorg"]
[SourceDate "2005.12.10"]

1. d4 d5 2. c4 e6 3. Nc3 Nf6 4. Bg5 Nbd7 5. e3 Be7 6. Nf3 O-O 7. Bd3 h6 8. Bh4
c6 9. O-O b6 10. Rc1 Bb7 11. cxd5 exd5 12. Re1 Re8 13. h3 c5 14. dxc5 bxc5 15.
Bb5 g5 16. Bg3 a6 17. Ba4 Bf8 18. Qb3 Qc8 19. Bxd7 Qxd7 20. Ne5 Qc8 21. Nf3 Re6
22. Red1 Ra7 23. Be5 d4 24. exd4 c4 25. Qc2 Bxf3 26. gxf3 Bg7 27. Ne4 Nxe4 28.
Bxg7 Kxg7 29. fxe4 Rf6 30. Rd3 Rc7 31. Rg3 Rf4 32. d5 Re7 33. Qxc4 Qb8 34. Qc3+
f6 35. Re1 Qb6 36. Qd2 Rexe4 37. Rxe4 Rxe4 38. Re3 Rd4 39. Rd3 Rxd3 40. Qxd3
Qxb2 41. Qxa6 Qb1+ 42. Kh2 Qc2 43. Qa7+ Kg6 44. d6 Qd2 45. Qc5 Qf4+ 46. Kg1 Qd2
47. Qc6 Qd1+ 48. Kg2 g4 49. Qe8+ Kg7 50. Qe7+ Kg6 51. Qe4+ f5 52. Qe6+ Kg7 53.
Qxf5 gxh3+ 54. Qxh3 Qd5+ 55. Qf3 Qxa2 56. d7 Qd2 57. Qf5 h5 58. Qe5+ Kh6 59.
Qf6+ Kh7 60. d8=Q 1-0

[Event "21.Wörishofen-Seniorenen op"]
[Site "Bad Wörishofen (03.03.-11.03)"]
[Date "2005.03.04"]
[Round "2.18"]
[White "Papenbrock, Volker"]
[Black "Storkebaum, Karl-Heinrich,Dr."]
[Result "1-0"]
[WhiteElo "2085"]
[BlackElo "1877"]
[PlyCount "81"]
[EventDate "2005.03.??"]
[Source "Chessorg"]
[SourceDate "2005.12.10"]

1. d4 Nf6 2. Nf3 e6 3. Bf4 d5 4. e3 c5 5. c3 a6 6. Nbd2 b6 7. Bd3 c4 8. Bc2 Bb7
9. Ne5 Nbd7 10. Bg3 b5 11. O-O Be7 12. f4 Ne4 13. Nxe4 dxe4 14. f5 exf5 15.
Rxf5 O-O 16. Qf1 Nxe5 17. Bxe5 g6 18. Rf6 Bxf6 19. Bxf6 Qd6 20. Qf2 Rfe8 21.
Rf1 Re6 22. Qh4 Rae8 23. g4 Rxf6 24. Rxf6 Re6 25. g5 h5 26. a3 Kg7 27. Rxe6
Qxe6 28. Qf4 Qe7 29. Kf2 f6 30. gxf6+ Qxf6 31. h4 Qe7 32. Kg3 Kh7 33. Bd1 Bc8
34. Be2 Bf5 35. Bxh5 Bc8 36. Bg4 Bb7 37. h5 gxh5 38. Qf5+ Kg7 39. Bxh5 Qd6+ 40.
Kg4 Bd5 41. Qe5+ 1-0

[Event "21.Wörishofen-Seniorenen op"]
[Site "Bad Wörishofen (03.03.-11.03)"]
[Date "2005.03.04"]
[Round "2.20"]
[White "Wolf, Alfred[34Bliestal]"]
[Black "Bernhoeft, Erhard"]
[Result "1/2-1/2"]
[WhiteElo "1736"]
[BlackElo "1922"]
[PlyCount "32"]
[EventDate "2005.03.??"]
[Source "Chessorg"]
[SourceDate "2005.12.10"]

1. d4 g6 2. c4 Bg7 3. e4 Nc6 4. Be3 e5 5. Nf3 exd4 6. Nxd4 Qf6 7. Nxc6 Qxc6 8.
Qc2 Nf6 9. f3 O-O 10. Bd3 d6 11. Nc3 Re8 12. O-O Nd7 13. b4 Ne5 14. b5 Qd7 15.
Be2 a6 16. a4 b6 1/2-1/2

[Event "21.Wörishofen-Seniorenen op"]
[Site "Bad Wörishofen (03.03.-11.03)"]
[Date "2005.03.04"]
[Round "2.21"]
[White "Meyts, Jozef Adolf"]
[Black "Von Hoesslin, Holger"]
[Result "0-1"]
[WhiteElo "1200"]
[BlackElo "1601"]
[PlyCount "26"]
[EventDate "2005.03.??"]
[Source "Chessorg"]
[SourceDate "2005.12.10"]

1. e4 d6 2. d4 Nf6 3. Nc3 g6 4. f4 e6 5. Be2 Bg7 6. Be3 Nbd7 7. e5 Nd5 8. Nxd5
exd5 9. Nf3 dxe5 10. fxe5 Nb6 11. b3 Bg4 12. O-O O-O 13. c4 c6 0-1

[Event "21.Wörishofen-Seniorenen op"]
[Site "Bad Wörishofen (03.03.-11.03)"]
[Date "2005.03.04"]
[Round "2.22"]
[White "Bierbach, Utz-Friedrich"]
[Black "Mueller, Manfred[42Senftenb]"]
[Result "1-0"]
[WhiteElo "1745"]
[BlackElo "1901"]
[PlyCount "81"]
[EventDate "2005.03.??"]
[Source "Chessorg"]
[SourceDate "2005.12.10"]

1. d4 Nf6 2. Nf3 d5 3. e3 e6 4. c4 Be7 5. Nc3 O-O 6. b3 c5 7. Bb2 Nc6 8. cxd5
exd5 9. Be2 Bg4 10. O-O Rc8 11. Rc1 a6 12. dxc5 Qd7 13. Nd4 Ne5 14. f3 Bh5 15.
Na4 Qe8 16. b4 Nc6 17. a3 Bd8 18. Qb3 Bc7 19. Nxc6 Qxc6 20. Bd4 Rfe8 21. Rfe1
Nd7 22. Nc3 Qh6 23. Nxd5 Bxh2+ 24. Kxh2 Ne5 25. Kg1 Rc6 26. Bxe5 Rxe5 27. f4
Re8 28. Bxh5 Qxh5 29. e4 Rh6 30. Qf3 Qh2+ 31. Kf2 Qh4+ 32. Qg3 Qd8 33. Rcd1 Rg6
34. Qf3 h6 35. g3 Kh8 36. e5 Qc8 37. Ne3 a5 38. Rd6 axb4 39. axb4 f6 40. exf6
gxf6 41. Qh5 1-0

[Event "21.Wörishofen-Seniorenen op"]
[Site "Bad Wörishofen (03.03.-11.03)"]
[Date "2005.03.04"]
[Round "2.24"]
[White "Dietze, Otto"]
[Black "Wild, Gerhard[33Ladenb]"]
[Result "0-1"]
[WhiteElo "1536"]
[BlackElo "1870"]
[PlyCount "74"]
[EventDate "2005.03.??"]
[Source "Chessorg"]
[SourceDate "2005.12.10"]

1. e4 c5 2. Nf3 e6 3. d4 cxd4 4. Nxd4 Nf6 5. Nc3 d6 6. Be2 a6 7. O-O Qc7 8. Be3
Nbd7 9. Re1 Be7 10. Nxe6 fxe6 11. Bh5+ g6 12. Bg4 Nxg4 13. Qxg4 Nf6 14. Qe2 O-O
15. Bh6 Rf7 16. f4 Qc5+ 17. Kh1 Qh5 18. Bg5 Qxe2 19. Rxe2 Bd7 20. Rae1 Nh5 21.
Bxe7 Rxe7 22. f5 exf5 23. Nd5 Re5 24. Nb6 Rd8 25. Nxd7 Rxd7 26. exf5 Rxe2 27.
Rxe2 gxf5 28. g3 Kg7 29. Rf2 Kg6 30. Re2 Nf6 31. h4 Ne4 32. Kg2 h5 33. Kf3 Kf6
34. Kf4 d5 35. a3 b5 36. c3 Rc7 37. Re3 Rg7 0-1

[Event "21.Wörishofen-Seniorenen op"]
[Site "Bad Wörishofen (03.03.-11.03)"]
[Date "2005.03.04"]
[Round "2.25"]
[White "Mentel, Juergen,Dr."]
[Black "Thonig, Manfred"]
[Result "1-0"]
[WhiteElo "1963"]
[BlackElo "1578"]
[PlyCount "103"]
[EventDate "2005.03.??"]
[Source "Chessorg"]
[SourceDate "2005.12.10"]

1. e4 g6 2. d4 Bg7 3. Nf3 c6 4. Bd3 d5 5. Nbd2 Qb6 6. c3 Nd7 7. O-O Nf8 8. Re1
Ne6 9. Nf1 dxe4 10. Bxe4 Nf6 11. Bc2 O-O 12. Bb3 Ng4 13. Re2 Bd7 14. Qe1 Qc7
15. h3 Nf6 16. Bxe6 Bxe6 17. Ng5 Bd7 18. Rxe7 Nd5 19. Re2 h6 20. Nf3 Rae8 21.
Ne5 Be6 22. Ng3 Ne7 23. Bd2 Qc8 24. Ne4 Rd8 25. Nc5 Bxe5 26. Nxe6 fxe6 27. Rxe5
g5 28. Qe4 Rf6 29. Re1 Rd6 30. Qg4 Kf7 31. c4 Nf5 32. Bc3 Qd7 33. R5e4 Rg6 34.
Qf3 Kg8 35. Qh5 Qf7 36. d5 cxd5 37. cxd5 Rxd5 38. Qe2 Rd6 39. Rc4 Qd7 40. Qe5
Ng7 41. Qe4 Nf5 42. Be5 Rd1 43. Rc7 Rxe1+ 44. Qxe1 Qd5 45. Qc3 g4 46. h4 Qd1+
47. Kh2 g3+ 48. fxg3 Qd5 49. Rc8+ Kf7 50. Qc7+ Ne7 51. Rh8 Rg8 52. Rh7+ 1-0

[Event "21.Wörishofen-Seniorenen op"]
[Site "Bad Wörishofen (03.03.-11.03)"]
[Date "2005.03.04"]
[Round "2.26"]
[White "Fels, Karl-Heinz"]
[Black "Reinke, Kurt[39Benrath]"]
[Result "1-0"]
[WhiteElo "1785"]
[BlackElo "1835"]
[PlyCount "83"]
[EventDate "2005.03.??"]
[Source "Chessorg"]
[SourceDate "2005.12.10"]

1. e4 c5 2. Nf3 d6 3. d4 cxd4 4. Nxd4 Nf6 5. Nc3 a6 6. Bg5 e6 7. f4 Be7 8. Qf3
Qc7 9. O-O-O O-O 10. g4 b5 11. Bxf6 Bxf6 12. g5 Be7 13. Bd3 b4 14. Nce2 Bb7 15.
Rhg1 Nd7 16. h4 Nc5 17. Kb1 f5 18. gxf6 Bxf6 19. h5 Rac8 20. Rc1 Kh8 21. Qe3
Rce8 22. c3 bxc3 23. Nxc3 Qb8 24. Nf3 Ba8 25. e5 Nxd3 26. Qxd3 dxe5 27. fxe5
Bxe5 28. Ng5 Rf5 29. Nxe6 Rf3 30. Qd7 Be4+ 31. Ka1 Rf2 32. b3 Qc8 33. Nc5 Rd8
34. Qxc8 Rxc8 35. N5xe4 Rf3 36. Kb2 Re3 37. Rge1 Rh3 38. b4 Rxh5 39. Nc5 a5 40.
a3 axb4 41. axb4 g5 42. Rxe5 1-0

[Event "21.Wörishofen-Seniorenen op"]
[Site "Bad Wörishofen (03.03.-11.03)"]
[Date "2005.03.04"]
[Round "2.27"]
[White "Semmler, Guenter"]
[Black "Litterst, Reinhard"]
[Result "1-0"]
[WhiteElo "1920"]
[BlackElo "1843"]
[PlyCount "87"]
[EventDate "2005.03.??"]
[Source "Chessorg"]
[SourceDate "2005.12.10"]

1. Nf3 Nf6 2. d4 d6 3. g3 g6 4. Bg2 Bg7 5. O-O O-O 6. c4 c6 7. Nc3 Qc7 8. e4 e5
9. h3 Ne8 10. Be3 Nd7 11. Qd2 exd4 12. Nxd4 Ne5 13. b3 f5 14. f4 Nf7 15. exf5
gxf5 16. Rad1 Nf6 17. Rfe1 Bd7 18. Bf2 Rfe8 19. Qd3 Nh6 20. Nf3 Qa5 21. Qd2
Rad8 22. Ne4 Qxd2 23. Nxf6+ Bxf6 24. Rxd2 Rxe1+ 25. Nxe1 Nf7 26. Bxa7 Bc3 27.
Re2 Bxe1 28. Rxe1 Re8 29. Rxe8+ Bxe8 30. Kf2 Bd7 31. Ke3 Kf8 32. Bf3 Nh6 33. b4
Ke7 34. a4 Kd8 35. Bb8 Be6 36. Kd4 Kd7 37. b5 Nf7 38. g4 Kc8 39. Ba7 Kc7 40. a5
Bc8 41. g5 Nd8 42. Bb6+ Kd7 43. Bxd8 Kxd8 44. bxc6 1-0

[Event "21.Wörishofen-Seniorenen op"]
[Site "Bad Wörishofen (03.03.-11.03)"]
[Date "2005.03.04"]
[Round "2.28"]
[White "Gehrmann, Rudolf-Rainer"]
[Black "Froeling, Philippa"]
[Result "1-0"]
[WhiteElo "2017"]
[BlackElo "1269"]
[PlyCount "45"]
[EventDate "2005.03.??"]
[Source "Chessorg"]
[SourceDate "2005.12.10"]

1. c4 e5 2. Nc3 Nf6 3. g3 d5 4. cxd5 Nxd5 5. Bg2 Nxc3 6. bxc3 c6 7. Nf3 Qa5 8.
O-O g6 9. a4 Bg7 10. Ba3 c5 11. d4 cxd4 12. cxd4 exd4 13. Nxd4 a6 14. Qd3 Qe5
15. Rfd1 Qxd4 16. Qxd4 Bxd4 17. Rxd4 Nc6 18. Re4+ Be6 19. Bh3 Nd8 20. Rc1 f5
21. Re3 Kf7 22. Rc7+ Kg8 23. Bb2 1-0

[Event "21.Wörishofen-Seniorenen op"]
[Site "Bad Wörishofen (03.03.-11.03)"]
[Date "2005.03.04"]
[Round "2.29"]
[White "Weigel, Herbert"]
[Black "Mantzouneas, Nikolaos"]
[Result "1/2-1/2"]
[WhiteElo "1948"]
[BlackElo "1873"]
[PlyCount "67"]
[EventDate "2005.03.??"]
[Source "Chessorg"]
[SourceDate "2005.12.10"]

1. e4 c5 2. Nf3 a6 3. d4 cxd4 4. Nxd4 Nf6 5. Nc3 e5 6. Nb3 Bb4 7. Bd3 d5 8.
exd5 Nxd5 9. Bd2 Nxc3 10. bxc3 Be7 11. O-O Nc6 12. f4 Bf6 13. Rb1 O-O 14. Nc5
exf4 15. Ne4 Be5 16. Bxf4 Bxf4 17. Rxf4 Ne5 18. Qh5 Nxd3 19. cxd3 Qxd3 20. Rbf1
Be6 21. Qg5 Qe3+ 22. Kh1 f6 23. Qh5 Bc4 24. Nxf6+ Rxf6 25. Rxf6 gxf6 26. Qg4+
Kh8 27. Qxc4 Re8 28. Rxf6 Qe2 29. Qxe2 Rxe2 30. Kg1 Rxa2 31. Rb6 Rc2 32. Rxb7
Rxc3 33. Rb8+ Kg7 34. Rb7+ 1/2-1/2

[Event "21.Wörishofen-Seniorenen op"]
[Site "Bad Wörishofen (03.03.-11.03)"]
[Date "2005.03.04"]
[Round "2.30"]
[White "Schurig, Wilhelm"]
[Black "Harke, Horst"]
[Result "1/2-1/2"]
[WhiteElo "1970"]
[BlackElo "1657"]
[PlyCount "45"]
[EventDate "2005.03.??"]
[Source "Chessorg"]
[SourceDate "2005.12.10"]

1. Nf3 d5 2. g3 c6 3. Bg2 Nd7 4. d3 e6 5. e4 Ngf6 6. Nbd2 Qc7 7. O-O Bd6 8. b3
O-O 9. Bb2 dxe4 10. dxe4 b5 11. c4 Ba6 12. Rc1 Bb4 13. a3 Bxd2 14. Nxd2 Rfe8
15. Re1 Rad8 16. Qc2 bxc4 17. Nxc4 Bxc4 18. Qxc4 Nb8 19. b4 Qb6 20. a4 Rd2 21.
Re2 Rxe2 22. Qxe2 Qxb4 23. Rc4 1/2-1/2

[Event "21.Wörishofen-Seniorenen op"]
[Site "Bad Wörishofen (03.03.-11.03)"]
[Date "2005.03.04"]
[Round "2.31"]
[White "Fischer, Johann[35München]"]
[Black "Winkler, Hans"]
[Result "1-0"]
[WhiteElo "2238"]
[BlackElo "1709"]
[PlyCount "63"]
[EventDate "2005.03.??"]
[Source "Chessorg"]
[SourceDate "2005.12.10"]

1. Nf3 Nf6 2. g3 d5 3. Bg2 Nc6 4. d4 g6 5. O-O Bg7 6. b3 O-O 7. Bb2 b6 8. Nbd2
Ba6 9. c4 e6 10. Rc1 Na5 11. Ne5 c5 12. Ba3 Rc8 13. dxc5 bxc5 14. Nd3 Nb7 15.
cxd5 Qa5 16. Bb2 exd5 17. Bc3 Qb6 18. Nf4 Rfd8 19. Bxf6 Qxf6 20. Nxd5 Qe5 21.
Nc4 Qe8 22. Re1 Nd6 23. Qc2 Qe6 24. Rcd1 Bxc4 25. bxc4 Kf8 26. e3 Rb8 27. Rb1
Qg4 28. Nf4 Qc8 29. Rxb8 Qxb8 30. Rb1 Qc7 31. Bd5 Nc8 32. Rb7 1-0

[Event "21.Wörishofen-Seniorenen op"]
[Site "Bad Wörishofen (03.03.-11.03)"]
[Date "2005.03.04"]
[Round "2.32"]
[White "Kaiser, Hans[35BGladbach]"]
[Black "Zunker, Reinhard,Dr."]
[Result "0-1"]
[WhiteElo "1612"]
[BlackElo "2122"]
[PlyCount "56"]
[EventDate "2005.03.??"]
[Source "Chessorg"]
[SourceDate "2005.12.10"]

1. e4 d6 2. d4 g6 3. Nf3 Bg7 4. Bd3 c6 5. Be3 Bg4 6. h3 Bxf3 7. gxf3 Qb6 8. c3
Qxb2 9. Nd2 Qxc3 10. Qb3 Qxb3 11. Nxb3 Nf6 12. Rb1 b6 13. a4 Nfd7 14. a5 c5 15.
Bb5 a6 16. Bxd7+ Nxd7 17. axb6 cxd4 18. Nxd4 Nc5 19. b7 Rb8 20. Ke2 Kd7 21. Rb6
Rxb7 22. Rxb7+ Nxb7 23. Ra1 Nc5 24. Ra2 Rb8 25. Kd2 Bxd4 26. Bxd4 Nb3+ 27. Kc3
Nxd4 28. Kxd4 Rb3 0-1

[Event "21.Wörishofen-Seniorenen op"]
[Site "Bad Wörishofen (03.03.-11.03)"]
[Date "2005.03.04"]
[Round "2.33"]
[White "Westermayer, Hans[Johann]"]
[Black "Minz, Michael"]
[Result "0-1"]
[WhiteElo "1509"]
[BlackElo "2055"]
[PlyCount "52"]
[EventDate "2005.03.??"]
[Source "Chessorg"]
[SourceDate "2005.12.10"]

1. Nf3 d5 2. d4 Nc6 3. g3 Bg4 4. Bg2 e6 5. c3 Bd6 6. b3 Nf6 7. Ba3 Qe7 8. Bxd6
Qxd6 9. O-O Rd8 10. Qc1 O-O 11. Qa3 Ne4 12. Qxd6 Rxd6 13. Re1 Bxf3 14. Bxf3 f5
15. Bg2 e5 16. f3 Nf6 17. e3 g5 18. Nd2 Re8 19. b4 a6 20. a4 Rde6 21. Kf2 Nd8
22. e4 exd4 23. exd5 Rxe1 24. Rxe1 Rxe1 25. Kxe1 dxc3 26. Nc4 Nxd5 0-1